• 首页
  • 本馆介绍
  • 公告通知
  • 最新文献
  • 馆藏检索
  • 电子资源
  • 读者导购
  • 参考咨询
  • 我的图书馆
  • 登录
  • 详细信息显示
  • 放入我的书架
  • 预约/预借图书
  • 作者相关作品
  • 分类相关作品
  • 丛书相关作品
  • 出版社相关作品

书目信息

  • 表格格式
  • 工作单格式
  • 卡片格式
题名:
语言系统与功能
    
 
作者: 胡壮麟 主编
分册:  
出版信息: 北京   北京大学出版社  1990.09
页数: 218页
开本: 21cm
丛书名:
单 册:
中图分类: H0-06
科图分类:
主题词: 语言学
电子资源:
ISBN: 7-301-01257-8
000 00763nam0 2200205 45
001 0404241646
005 20040424164640.9
010    @a7-301-01257-8@dCNY3.30
100    @a20040424d1990 km y0chiy0120 ea
101 0  @achi
105    @a z 000yy
200 1  @a语言系统与功能@AYu Yan Xi Tong Yu Gong Neng@e1989年北京系统功能语法研讨会论文集@E1989 Nian Bei Jing Xi Tong Gong Neng Yu Fa Yan Tao Hui Lun Wen Ji@f胡壮麟主编@FHu Zhuang Lin Zhu Bian
210    @a北京@c北京大学出版社@d1990.09
215    @a218页@d21cm
517    @a1989年北京系统功能语法研讨会论文集@A1989 Nian Bei Jing Xi Tong Gong Neng Yu Fa Yan Tao Hui Lun Wen Ji
606 0  @a语言学
690    @aH0-06@v3
701  0 @a胡壮麟@4主编
801    @aCN@bPftUser@c20040424
905    @f1@b260233@dH0-06@e74
    
    语言系统与功能:1989年北京系统功能语法研讨会论文集/胡壮麟主编.-北京:北京大学出版社,1990.09
    218页;21cm
    
    
    ISBN 7-301-01257-8:CNY3.30
    
●
相关链接 在E读中查询图书 在五车中查询图书 在当当中查询图书 在豆瓣中查询图书


正题名:语言系统与功能     索取号:H0-06/74         预约/预借

序号 登录号 条形码 馆藏地/架位号 状态 备注
1 0260232   000818887   第二样本阅览室/ [索取号:H0-06/74] 在馆    
2 0260233   000818896   第四借阅区/ [索取号:H0-06/74] 在馆    
唐山师范学院图书馆 欢迎您!
大连网信软件有限公司© 版权所有